000 00708cam a2200229 a 4500
001 3838986
005 20180302070719.0
008 870113s1987 nyua b 001 0 eng c
010 _a 87000680
020 _a0443084556
040 _aDNLM/DLC
_cDLC
_dDLC
041 _aeng
060 _aWQ 17 S759p
080 _a618.207
082 0 0 _a618.207 SPI
_219
100 1 _a6
101 _aRAD
245 1 0 _aPrenatal ultrasound :
_cBeverly A. Spirt, Lawrence P. Gordon, Michael Oliphant ; photographs by John G. Hodgson.
504 _aIncludes bibliographies and index.
906 _a7
_bcbc
_corignew
_d1
_eocip
_f19
_gy-gencatlg
942 _2ddc
_cBK
999 _c44029
_d44029